| 000 | 00814nam a2200265 ia4500 | ||
|---|---|---|---|
| 003 | OSt | ||
| 005 | 20260426110746.0 | ||
| 008 | 260426s2025 enka br 000 0 eng d | ||
| 020 |
_a9780702339431 _cRM 65.50 _qpaperback |
||
| 040 |
_aPPAK _beng _cPPAK _erda |
||
| 082 | 0 | 4 |
_223 _a741.2 |
| 090 | 0 | 0 |
_a741.2 _bPIC _dK |
| 100 | 1 |
_aPichon, Liz, _eauthor, _eillustrator. |
|
| 245 | 1 | 0 |
_aTOM GATES : _bBOOK OF EVERYTHING / _cBy Liz Pichon |
| 264 | 1 |
_aLondon : _bScholastic, _c[2025] |
|
| 300 |
_a187 pages : _billustrations (black and white), _c19 x 15 cm |
||
| 336 |
_atext _2rdacontent |
||
| 337 |
_aunmediated _2rdamedia |
||
| 338 |
_avolume _2rdacarrier |
||
| 490 | 1 | _aTOM GATES | |
| 650 | 1 | 0 |
_aDrawing _xTechnique |
| 650 | 2 | 0 | _aDrawing and education |
| 830 | 0 | _aTom Gates | |
| 942 |
_2ddc _cB |
||
| 999 |
_c204003 _d204003 |
||